[Event "25th Bunratty Masters"]
[Site "Bunratty IRL"]
[Date "2018.02.25"]
[Round "6.19"]
[White "Davey, Mark"]
[Black "Murray, David"]
[Result "1-0"]
[WhiteElo "1990"]
[BlackElo "2150"]
[WhiteFideId "404730"]
[BlackFideId "2501511"]
[EventDate "2018.02.23"]

1. d4 Nf6 2. c4 g6 3. Nc3 d5 4. cxd5 Nxd5 5. g3 Bg7 6. Bg2 Nb6 7. Nf3 Nc6 8. e3
O-O 9. O-O e5 10. dxe5 Nxe5 11. Nxe5 Bxe5 12. Qc2 Qe7 13. b3 Qc5 14. Bb2 Bf5 15.
e4 Be6 16. Rac1 Rfd8 17. Bf3 a5 18. Qe2 Bh3 19. Rfe1 Qf8 20. Nd5 Bxb2 21. Qxb2
Nxd5 22. exd5 Rd7 23. Qe5 Qg7 24. Qf4 g5 25. Qd2 Qf6 26. Qe3 Bf5 27. Rc5 h6 28.
Qe5 Kg7 29. Qe3 a4 30. b4 Qd6 31. Rec1 Rc8 32. Re1 Ra8 33. Rec1 Rc8 34. Qc3+ f6
35. Ra5 Qe5 36. Rxa4 Qxc3 37. Rxc3 Re8 38. Re3 Rxe3 39. fxe3 Kf7 40. e4 Bg6 41.
Kf2 Ke7 42. Ke3 Kd6 43. Kd4 Re7 44. Ra8 Re5 45. Rh8 h5 46. Rh6 Bf7 47. Rxf6+ Ke7
48. Kxe5 1-0

[Event "25th Bunratty Masters"]
[Site "Bunratty IRL"]
[Date "2018.02.25"]
[Round "6.20"]
[White "Mirza, Diana"]
[Black "Doggers, Peter"]
[Result "0-1"]
[WhiteTitle "WFM"]
[WhiteElo "1844"]
[BlackElo "2171"]
[WhiteFideId "2503999"]
[BlackFideId "1005774"]
[EventDate "2018.02.23"]

1. e4 c5 2. Nf3 d6 3. c3 Nf6 4. h3 Nc6 5. Bd3 g6 6. O-O Bg7 7. Bc2 O-O 8. Re1 e5
9. d4 Qc7 10. d5 Ne7 11. c4 Ne8 12. Nc3 h6 13. Nh4 Qd8 14. Nf3 f5 15. exf5 gxf5
16. Nh2 Nf6 17. f4 exf4 18. Bxf4 Ng6 19. Bg3 Ne5 20. b3 Bd7 21. Rc1 a6 22. Nf3
Nh5 23. Bxe5 dxe5 24. Nxe5 Qg5 25. Nf3 Qf4 26. Qd3 Rae8 27. Ne2 Qd6 28. Bb1 Re4
29. Nc3 Ree8 30. Ne2 Kh8 31. g4 Ng3 32. Nc3 Ne4 33. Ne2 fxg4 34. hxg4 Bxg4 35.
Nd2 Rf2 36. Ng3 Rxd2 37. Rxe4 Rxe4 38. Qxd2 Qxg3+ 0-1

[Event "25th Bunratty Masters"]
[Site "Bunratty IRL"]
[Date "2018.02.25"]
[Round "6.21"]
[White "Rawlinson, Aidan M"]
[Black "Keogh, Eamon"]
[Result "1-0"]
[WhiteElo "2168"]
[BlackElo "1978"]
[WhiteFideId "413496"]
[BlackFideId "2500264"]
[EventDate "2018.02.23"]

1. d4 Nf6 2. c4 g6 3. g3 Bg7 4. Bg2 O-O 5. Nf3 c5 6. d5 d6 7. Nc3 Re8 8. O-O
Nbd7 9. h3 Rb8 10. Re1 a6 11. a4 b6 12. Kh2 Ne5 13. Nxe5 dxe5 14. Qd3 Nh5 15. e4
e6 16. Rd1 f5 17. dxe6 Qxd3 18. Rxd3 Bxe6 19. Nd5 Bxd5 20. Rxd5 Nf6 21. Rd1 b5
22. axb5 axb5 23. exf5 gxf5 24. Bc6 Red8 25. Rxd8+ Rxd8 26. cxb5 Rb8 27. Ra8
Rxa8 28. Bxa8 Nd7 29. Bg5 e4 30. b3 Be5 31. Bd5+ Kf8 32. Be6 1-0

[Event "25th Bunratty Masters"]
[Site "Bunratty IRL"]
[Date "2018.02.25"]
[Round "6.22"]
[White "Hayes, Peter J."]
[Black "Daly, Colm"]
[Result "1/2-1/2"]
[BlackTitle "FM"]
[WhiteElo "2079"]
[BlackElo "2319"]
[WhiteFideId "2502569"]
[BlackFideId "2500434"]
[EventDate "2018.02.23"]

1. d4 Nf6 2. c4 g6 3. Nc3 d6 4. e4 Bg7 5. Nf3 O-O 6. Be2 e5 7. O-O Nbd7 8. Re1
Re8 9. Bf1 a6 10. d5 a5 11. Re2 Nc5 12. Ne1 Nh5 13. f3 Nf4 14. Rc2 Kh8 15. Kh1
f5 16. Be3 Rf8 17. g3 Nh5 18. Bh3 Nf6 19. Bg2 Bd7 20. Nd3 b6 21. Rb1 fxe4 22.
fxe4 Ng4 23. Bg1 Bh6 24. Re2 Rf7 25. h3 Nf6 26. Rf2 Qe7 27. Qe2 Raf8 28. Rbf1
Kg8 29. b3 Qd8 30. Kh2 Bg7 31. Nxc5 bxc5 32. Qe3 h5 33. Qe1 Bh6 34. Nb5 h4 35.
g4 Bxb5 36. cxb5 Qa8 37. Kh1 Bg5 38. a4 Kg7 39. Rf3 Nd7 40. Rxf7+ Rxf7 41. Rxf7+
Kxf7 42. Bf2 Kg7 43. Bxh4 Bxh4 44. Qxh4 Qf8 45. Qe1 Qf4 46. Qxa5 Qc1+ 47. Kh2
Qf4+ 48. Kh1 Qc1+ 49. Kh2 Qf4+ 1/2-1/2

[Event "25th Bunratty Masters"]
[Site "Bunratty IRL"]
[Date "2018.02.25"]
[Round "6.23"]
[White "Delaney, Killian"]
[Black "Wolferink, Frans"]
[Result "1-0"]
[WhiteElo "2193"]
[BlackElo "2086"]
[WhiteFideId "2501570"]
[BlackFideId "1003917"]
[EventDate "2018.02.23"]

1. d4 Nf6 2. g4 d5 3. g5 Ne4 4. f3 Nd6 5. Nc3 Nf5 6. Bf4 e6 7. Qd2 Bd6 8. O-O-O
Bxf4 9. Qxf4 Qd6 10. Qxd6 cxd6 11. e4 Ne3 12. Bb5+ Bd7 13. Rd3 Nc4 14. exd5 Nb6
15. dxe6 fxe6 16. Nge2 a6 17. Bxd7+ Kxd7 18. d5 e5 19. f4 Re8 20. Rh3 1-0

[Event "25th Bunratty Masters"]
[Site "Bunratty IRL"]
[Date "2018.02.25"]
[Round "6.24"]
[White "Nettleton, Charlie B"]
[Black "Pein, Jonathan"]
[Result "0-1"]
[WhiteElo "2011"]
[BlackElo "2177"]
[WhiteFideId "419710"]
[BlackFideId "417092"]
[EventDate "2018.02.23"]

1. d4 b5 2. e4 a6 3. Bd3 Bb7 4. Ne2 e6 5. O-O c5 6. c3 Nf6 7. Bg5 h6 8. Bxf6
Qxf6 9. Nd2 d6 10. f4 Nc6 11. Nf3 Qd8 12. f5 exf5 13. exf5 Be7 14. Bb1 Bf6 15.
Nf4 O-O 16. Qd3 Re8 17. Ne6 Qb6 18. Kh1 cxd4 19. Nfxd4 Nxd4 20. cxd4 fxe6 21.
fxe6 Qxd4 22. Qh7+ Kf8 23. Bg6 Rxe6 24. Rae1 Qxb2 25. Bc2 Rxe1 26. Rxe1 Rc8 27.
Qg6 Qxc2 28. Re8+ Rxe8 29. Qxc2 Re1# 0-1

[Event "25th Bunratty Masters"]
[Site "Bunratty IRL"]
[Date "2018.02.25"]
[Round "6.25"]
[White "Mulligan, Scott"]
[Black "Fegan, Chris"]
[Result "0-1"]
[WhiteElo "1984"]
[BlackElo "2034"]
[WhiteFideId "2507498"]
[BlackFideId "410047"]
[EventDate "2018.02.23"]

1. e4 c5 2. Nf3 d6 3. d4 cxd4 4. Nxd4 Nf6 5. Nc3 g6 6. Be3 Bg7 7. f3 O-O 8. Qd2
Nc6 9. O-O-O Bd7 10. g4 Qa5 11. Kb1 Rfc8 12. h4 h5 13. Nb3 Qd8 14. Be2 Ne5 15.
gxh5 Nxh5 16. Rdg1 b5 17. Bh6 Nc4 18. Qg5 Qf8 19. Bxg7 Qxg7 20. f4 b4 21. Nd1
Nf6 22. Bd3 a5 23. h5 a4 24. hxg6 fxg6 25. Rh6 Be8 26. e5 axb3 27. Bxc4+ Rxc4
28. cxb3 Ne4 29. Qg2 Rd4 30. Rgh1 Nd2+ 31. Ka1 Nxb3+ 32. Kb1 Nd2+ 33. Ka1 Rxa2+
34. Kxa2 b3+ 0-1

[Event "25th Bunratty Masters"]
[Site "Bunratty IRL"]
[Date "2018.02.25"]
[Round "6.26"]
[White "Kennedy, John"]
[Black "Scallan, Fiachra"]
[Result "1/2-1/2"]
[WhiteElo "2102"]
[BlackElo "1927"]
[WhiteFideId "2501120"]
[BlackFideId "2507528"]
[EventDate "2018.02.23"]

1. Nf3 Nf6 2. g3 b5 3. Bg2 Bb7 4. O-O d5 5. d3 e6 6. Re1 g6 7. e4 dxe4 8. Ng5
Bg7 9. Nc3 a6 10. Ncxe4 Nxe4 11. Nxe4 Nd7 12. Nf6+ Qxf6 13. Bxb7 Rb8 14. Bc6 Qd4
15. Bf4 Qxb2 16. Qf3 Qf6 17. Qd5 Qe7 18. Be5 Bxe5 19. Qxe5 O-O 20. Qxc7 Rfd8 21.
d4 Rbc8 22. Qb7 Rb8 23. Qc7 Rbc8 24. Qb7 Rb8 1/2-1/2